Religion in Cuba - Statistics

General Stats
  • This quiz has been taken 41 times
  • The average score is 3 of 4
Answer Stats
Percent Religion % Correct
60% Roman Catholic
95%
5% Protestant
93%
24% No religion
78%
11% Other/African Spirituality
53%
No matching quizzes found
Score Distribution
Percent of People with Each Score
Percentile by Number Answered
Your Score History
You have not taken this quiz